| 000 | 00603nam a2200217 a 4500 | ||
|---|---|---|---|
| 001 | BRCA_7174 | ||
| 005 | 20190320205735.0 | ||
| 008 | 130112s1921----gw-a######---#000-0#ger-# | ||
| 041 | _ager | ||
| 044 | _agw | ||
| 050 | 4 |
_aQH366 _b.B65 1921 |
|
| 100 | 1 |
_aBolsche, Wilhelm _d1861-1939 _916359 |
|
| 245 | 1 | 0 |
_aDie Abstammung des Menschen _cWilhelm Bolsche; Abbildungen Willy Planck. |
| 260 |
_aStuttgart, Alemania _bFranckh´sche _c1921 |
||
| 300 |
_a86 p. _bil. _c22 cm. |
||
| 500 | _aP61 | ||
| 650 | 1 | 4 |
_aHombre _eOrigen _917789 |
| 700 | 1 |
_aPlanck, Willy _eil. _917790 |
|
| 902 | _aGFM | ||
| 942 |
_2lcc _cB |
||
| 999 |
_c6855 _d6855 |
||